1010 1709 1705 1461 1375 1484 1247 1861 1761 1197 1273 1307 1880 1015 1802 1793 1290 1612 1697 1304 1673 1995 1376 1287 1999 1938 1681 1829 1267 1912 1199 1882 1205 1484 1567 1974 1577 1159 1823 1089 1931 1093 1272 1170 1766 1609 1786 1455 1985 1892 1727 1791 1833 1256 1396 1477 1373 1938 1492 1184 1190 1224 1284 1967 1618 1821 1724 1649 1561 1212 1251 1283 1259 1269 1329 1009 1247 1495 1913 1801 1320 1875 1232 1601 1429 1751 1502 1304 1255 1512 1028 1102 1755 1808 1058 1196 1229 1424 1595 BCNSPRNW ULIB Ver.6.0+V

เปลี่ยนเป็นภาษาไทย

Change to English
 แสดงรายละเอียดบรรณานุกรม
  กลับหน้าหลัก

Brief Record : Get Marc (ISO 2709) : E-mail record : QR code < ปิดหน้าต่าง
LEADER : 00000nam 2200000uu 4500
001    13399122514
003     ULIB
008    130712s2555||||th 000 0 tha d
020    9786167323701
060 04 ^aWM290^bส778พ
100 0  ^aสุทัศน์ รุ่งเรืองหิรัญญา
245 10 ^aแนวทางเวชปฏิบัติอิงหลักฐานการบำบัดโรคเสพยาสูบ /^cบรรณาธิการโดย สุทัศน์ รุ่งเรืองหิรัญญา, สุรจิต สุนทรธรรม
250    ^aฉบับปรับปรุง พ.ศ.2555
260    ^aกรุงเทพฯ :^bเครือข่ายวิชาชีพแพทย์ในการควบคุมการบริโภคยาสูบ,^c2555
300    ^a135 หน้า :^bภาพประกอบ ;^c23 ซม.
650  0 ^aTobacco^xtoxicology
650  4 ^aการเลิกบุหรี่
650  4 ^aการติดบุหรี่^xการรักษา
650  4 ^aการติดบุหรี่^xพิษวิทยา
700 0  ^aสุรจิต สุนทรธรรม
710 2  ^aเครือข่ายวิชาชีพแพทย์ในการควบคุมการบริโภคยาสูบ
945    ^p0^l0^i19967
999    ^aเกษร โพธิ์สุวรรณ
รายการนี้ยังไม่มีแท็ก
คุณยังไม่ได้ล็อกอิน คุณสามารถมีกิจกรรมร่วมกับเว็บไซต์ได้ แต่ต้องล็อกอินก่อน ::
  ล็อกอิน

รายการสื่อสารสนเทศ

ลำดับที่ ประเภท เลขเรียก/บาร์โค้ด สถานที่ สถานะ
1. วิทยาศาสตร์การแพทย์ และสุขภาพ
วิทยาศาสตร์การแพทย์ และสุขภาพ
สถานะ=หนังสือเก่า
WM290 ส778พ ฉ.1 
  Barcode: 19967
ห้องสมุดวิทยาเขตนครสวรรค์
►ส่วนจัดเก็บหนังสือเก่า นว.
บนชั้น
  ขอยืม

รายการใกล้เคียง
    ผู้แต่ง [สุทัศน์ รุ่งเรืองหิรัญญา]

    หัวเรื่อง [การเลิกบุหรี่]

BibComment


ยังไม่เคยถูกคอมเมนท์

คอมเมนท์ทรัพยากรรายการนี้
  คอมเมนท์: แนวทางเวชปฏิบัติ..


 Copyright 2026. Bcnsprnw @Library